[Event "XIX Festival A"]
[Site "Arco ITA"]
[Date "2007.10.28"]
[Round "9"]
[White "Giuriato, Sergio"]
[Black "Niccoli, Paolo"]
[Result "0-1"]
[WhiteElo "1990"]
[BlackElo "1861"]
[PlyCount "112"]
[EventDate "2007.10.20"]

1. d4 Nf6 2. c4 c5 3. d5 b5 4. cxb5 a6 5. bxa6 Bxa6 6. Nc3 g6 7. g3 d6 8. Nf3
Bg7 9. e4 Bxf1 10. Kxf1 Nbd7 11. h3 O-O 12. Kg2 Qa5 13. Bd2 Rfb8 14. b3 Qa6 15.
Rc1 Nb6 16. Be3 Nfd7 17. a4 c4 18. bxc4 Nxc4 19. Bd4 Nde5 20. Bxe5 Nxe5 21.
Nxe5 Bxe5 22. h4 h6 23. Qd2 Bg7 24. Rhd1 Rb7 25. e5 dxe5 26. Ne4 Qb6 27. Nc5
Rc7 28. Qe3 Rac8 29. Qb3 Qa7 30. Nd3 e4 31. Rxc7 Rxc7 32. Ne1 Rc3 33. Qb5 e3
34. f3 Kh7 35. h5 Ra3 36. hxg6+ fxg6 37. d6 Ra2+ 38. Kh3 exd6 39. Rxd6 Qxa4 40.
Qd3 Qe8 41. Qb1 Ra1 42. Qb4 Qc8+ 43. g4 h5 44. Qe4 hxg4+ 45. fxg4 Rxe1 46.
Qxg6+ Kg8 47. Re6 Rh1+ 48. Kg2 Qa8+ 49. Qe4 Qxe4+ 50. Rxe4 Re1 51. g5 Bc3 52.
Kf3 Bd2 53. Rg4 Kg7 54. Rg2 Kg6 55. Rg4 Ra1 56. Rg2 Ra5 0-1

[Event "XIX Festival A"]
[Site "Arco ITA"]
[Date "2007.10.28"]
[Round "9"]
[White "Grom, Waldemar"]
[Black "Dalla Vecchia, Paolo"]
[Result "0-1"]
[WhiteElo "2014"]
[BlackElo "1829"]
[PlyCount "89"]
[EventDate "2007.10.20"]

1. c4 Nf6 2. Nc3 e6 3. e4 d5 4. e5 d4 5. Nce2 Ng4 6. f4 Bc5 7. Ng3 h5 8. Nf3 d3
9. Ne4 Bb6 10. Qb3 f5 11. exf6 gxf6 12. c5 f5 13. cxb6 fxe4 14. Qa4+ Nc6 15.
Qxe4 axb6 16. Qg6+ Kf8 17. h3 Nf6 18. Ng5 Qe7 19. b3 e5 20. f5 Bd7 21. Ne6+
Bxe6 22. fxe6 Qxe6 23. Bxd3 Ne7 24. Qg5 Rg8 25. Qh6+ Ke8 26. Rf1 Ned5 27. Be4
Ke7 28. Bf5 Qd6 29. g4 hxg4 30. hxg4 Nf4 31. Rf3 Qd4 32. Rb1 Qg1+ 33. Rf1 Ng2+
34. Ke2 Nf4+ 35. Qxf4 Qc5 36. Qf3 Rh8 37. b4 Qc4+ 38. Ke1 Rxa2 39. Bd3 Qf4 40.
Qxb7 Qg3+ 41. Rf2 Qxd3 42. Qxc7+ Ke6 43. Rf5 Rh1+ 44. Kf2 Rf1+ 45. Kg2 0-1

[Event "XIX Festival A"]
[Site "Arco ITA"]
[Date "2007.10.28"]
[Round "9"]
[White "Hackbarth, Wolfgang"]
[Black "Serafimov, Dimitar"]
[Result "1-0"]
[WhiteElo "2119"]
[BlackElo "2168"]
[PlyCount "63"]
[EventDate "2007.10.20"]

1. c4 e5 2. Nc3 g6 3. g3 Bg7 4. Bg2 d6 5. e3 f5 6. Nge2 Nf6 7. d3 c6 8. b4 O-O
9. O-O Be6 10. b5 Qc7 11. Rb1 Nbd7 12. Ba3 Rfe8 13. Qa4 Nb6 14. Qb4 Rad8 15.
Rfc1 c5 16. Qb3 Qf7 17. Na4 g5 18. Rc2 e4 19. Nxb6 exd3 20. Qxd3 axb6 21. Bb2
d5 22. Bxf6 Bxf6 23. cxd5 Rxd5 24. Bxd5 Bxd5 25. Nc3 Bxc3 26. Qxc3 Qh5 27. Rd2
Be4 28. Rd7 Qg6 29. Rbd1 g4 30. R1d6 Qg5 31. Qc4+ Kh8 32. Qf7 1-0

[Event "XIX Festival A"]
[Site "Arco ITA"]
[Date "2007.10.28"]
[Round "9"]
[White "Henrichsen, Jens"]
[Black "Buck, Klaus-Michael"]
[Result "1/2-1/2"]
[WhiteElo "1982"]
[BlackElo "1784"]
[PlyCount "36"]
[EventDate "2007.10.20"]

1. d4 e6 2. Nf3 d5 3. c4 Nf6 4. Nc3 c6 5. Qc2 Be7 6. e3 Nbd7 7. b3 Bb4 8. Bb2
Bxc3+ 9. Bxc3 Ne4 10. Bb2 Qa5+ 11. Nd2 Qxd2+ 12. Qxd2 Nxd2 13. Kxd2 Nf6 14. f3
a5 15. Bd3 Kd7 16. Rhf1 a4 17. Ba3 b6 18. Rfc1 Bb7 1/2-1/2

[Event "XIX Festival A"]
[Site "Arco ITA"]
[Date "2007.10.28"]
[Round "9"]
[White "Jensen, Leif"]
[Black "Blasco, Domenico"]
[Result "1-0"]
[WhiteElo "2091"]
[BlackElo "1969"]
[PlyCount "123"]
[EventDate "2007.10.20"]

1. e4 g6 2. f4 Bg7 3. Nf3 c6 4. c3 d5 5. e5 f6 6. d4 Nh6 7. g3 O-O 8. Bg2 Bg4
9. O-O fxe5 10. fxe5 Na6 11. Bf4 Qd7 12. Nbd2 Nc7 13. Qe1 Ne6 14. Be3 Bf5 15.
Qe2 Ng4 16. h3 Nxe3 17. Qxe3 Nc7 18. Kh2 h6 19. Rac1 g5 20. Rf2 Bg6 21. Rcf1
Ne6 22. Ne1 Rxf2 23. Rxf2 Rf8 24. Rxf8+ Nxf8 25. Qf3 Qf5 26. Qxf5 Bxf5 27. Bf1
Ne6 28. Bd3 Bxd3 29. Nxd3 Kf7 30. Kg2 h5 31. g4 hxg4 32. hxg4 b6 33. Nf3 Kg6
34. Kf2 c5 35. Ke3 a5 36. b3 Bh6 37. c4 dxc4 38. bxc4 cxd4+ 39. Nxd4 Nf4 40.
Nf5 Nxd3 41. Kxd3 Bf8 42. c5 bxc5 43. Kc4 Kf7 44. Kxc5 Ke6 45. Kd4 Kd7 46. Ng3
e6 47. Ne4 Be7 48. Nc5+ Kc6 49. Nxe6 Kb5 50. Nc7+ Ka4 51. Nd5 Bd8 52. e6 Ka3
53. e7 Bxe7 54. Nxe7 Kxa2 55. Kc3 Kb1 56. Kb3 Kc1 57. Ka4 Kd2 58. Nf5 Ke2 59.
Nh6 Kd3 60. Kxa5 Kd4 61. Kb6 Kd5 62. Nf5 1-0

[Event "XIX Festival A"]
[Site "Arco ITA"]
[Date "2007.10.28"]
[Round "9"]
[White "Kern, Beat"]
[Black "Linz, Stefan"]
[Result "1-0"]
[WhiteElo "1694"]
[BlackElo "1584"]
[PlyCount "55"]
[EventDate "2007.10.20"]

1. Nf3 g6 2. d4 Bg7 3. e4 d6 4. Be2 Nf6 5. Nc3 a6 6. O-O O-O 7. h3 Nc6 8. Bg5
h6 9. Be3 e6 10. Nh2 Kh7 11. f4 Ne7 12. Qe1 Bd7 13. Bf3 Rb8 14. a4 b6 15. g4
Nfg8 16. g5 h5 17. Qh4 Bh8 18. Bxh5 gxh5 19. Qxh5+ Kg7 20. Ng4 c5 21. Rad1 Be8
22. Nf6 Nxf6 23. Qh6+ Kg8 24. gxf6 Ng6 25. e5 Qc7 26. f5 exf5 27. Rxf5 Qd7 28.
Rh5 1-0

[Event "XIX Festival A"]
[Site "Arco ITA"]
[Date "2007.10.28"]
[Round "9"]
[White "Koelmans, Jan Willem"]
[Black "Schrott, Ernst"]
[Result "1/2-1/2"]
[WhiteElo "2008"]
[BlackElo "2103"]
[PlyCount "100"]
[EventDate "2007.10.20"]

1. d4 Nf6 2. c4 c5 3. d5 b5 4. a4 b4 5. Nd2 e6 6. e4 exd5 7. exd5 Bd6 8. Ngf3
O-O 9. Be2 Bf4 10. O-O d6 11. g3 Bh6 12. Re1 Bh3 13. Nf1 Bxc1 14. Qxc1 Nbd7 15.
Qf4 Qc7 16. Ne3 Ne5 17. Nxe5 dxe5 18. Qh4 Bd7 19. Bf3 Rae8 20. g4 h6 21. Qg3
Nh7 22. d6 Qxd6 23. Rad1 Qc7 24. Nd5 Qb8 25. b3 Bc8 26. h4 f5 27. g5 f4 28. Qg2
Kh8 29. Kh1 Bf5 30. Rg1 hxg5 31. hxg5 g6 32. Qh2 Kg8 33. Qh6 Rf7 34. Rg2 Ree7
35. Rh2 Kh8 36. Nxe7 Rxe7 37. Bd5 e4 38. Re1 e3 39. fxe3 fxe3 40. Qh4 Qe5 41.
Rhe2 Qc3 42. Qg3 Re5 43. Rxe3 Rxe3 44. Qxe3 Nxg5 45. Qe5+ Kh7 46. Qh2+ Nh3 47.
Qe2 Qg3 48. Qe7+ Kh6 49. Qe3+ Qxe3 50. Rxe3 50... Nf4 {...} 1/2-1/2

[Event "XIX Festival A"]
[Site "Arco ITA"]
[Date "2007.10.28"]
[Round "9"]
[White "Maneschi, Giuseppe"]
[Black "Papa, Angelo"]
[Result "1-0"]
[WhiteElo "2071"]
[BlackElo "1903"]
[PlyCount "53"]
[EventDate "2007.10.20"]

1. c4 g6 2. g3 Bg7 3. Bg2 Nf6 4. Nc3 d6 5. d3 O-O 6. Bg5 h6 7. Bd2 e5 8. e4 Nc6
9. Nge2 Be6 10. O-O Qd7 11. Nd5 Ne8 12. f4 Bh3 13. f5 Bxg2 14. Kxg2 gxf5 15.
Rxf5 Nd8 16. Ng1 Qe6 17. Qf3 c6 18. Ne3 Qg6 19. Rf1 f6 20. Rh5 Kf7 21. Nf5 Rh8
22. Nh4 Qh7 23. Rf5 Ke7 24. Qg4 Ne6 25. Ng6+ Kd7 26. Nxh8 Qxh8 27. Qg6 1-0

[Event "XIX Festival A"]
[Site "Arco ITA"]
[Date "2007.10.28"]
[Round "9"]
[White "Minniti, Giuseppe"]
[Black "Pipitone, Antonio"]
[Result "1/2-1/2"]
[WhiteElo "1827"]
[BlackElo "2028"]
[PlyCount "49"]
[EventDate "2007.10.20"]

1. d4 Nf6 2. Nf3 g6 3. Nbd2 d5 4. e3 Bg7 5. Bd3 Nbd7 6. c3 c5 7. O-O O-O 8. Re1
Re8 9. e4 e5 10. dxe5 Nxe4 11. Nxe4 dxe4 12. Bxe4 Nxe5 13. Qxd8 Rxd8 14. Nxe5
Bxe5 15. Be3 c4 16. Bg5 f6 17. Be3 Be6 18. f4 Bc7 19. g3 Bd5 20. Bxd5+ Rxd5 21.
Bd4 Kf7 22. Re2 Bb6 23. Bxb6 axb6 24. Rae1 Rd7 25. a3 1/2-1/2

[Event "XIX Festival A"]
[Site "Arco ITA"]
[Date "2007.10.28"]
[Round "9"]
[White "Mombelli, Antonio"]
[Black "Tomassoni, Leonardo"]
[Result "0-1"]
[WhiteElo "1717"]
[BlackElo "1975"]
[PlyCount "103"]
[EventDate "2007.10.20"]

1. e4 c5 2. c3 Nf6 3. e5 Nd5 4. d4 cxd4 5. Qxd4 e6 6. Nf3 Nc6 7. Qe4 Be7 8. Bc4
Nb6 9. Bd3 d5 10. exd6 Qxd6 11. Bf4 Qd5 12. O-O Bd7 13. Rd1 O-O-O 14. Qe2 Qh5
15. Ne5 Qxe2 16. Bxe2 Nxe5 17. Bxe5 Bc6 18. Nd2 f6 19. Bd4 Nd5 20. Bf3 b6 21.
c4 Nb4 22. Bc3 Bxf3 23. gxf3 Rd3 24. a3 Nc6 25. Kf1 Nd4 26. Bxd4 Rxd4 27. Rac1
Rhd8 28. Ke2 Bd6 29. h3 Bf4 30. Rc2 g5 31. c5 bxc5 32. Rxc5+ Kb7 33. Rc2 h5 34.
b4 h4 35. b5 f5 36. Ra2 g4 37. fxg4 fxg4 38. hxg4 h3 39. Rh1 Rxd2+ 40. Rxd2
Rxd2+ 41. Kf3 Bd6 42. Rxh3 Rd3+ 43. Kg2 Rxh3 44. Kxh3 Bxa3 45. g5 Kb6 46. g6
Bb2 47. Kg4 Bf6 48. f4 Kxb5 49. f5 exf5+ 50. Kxf5 Bg7 51. Ke6 a5 52. Kf7 0-1

[Event "XIX Festival A"]
[Site "Arco ITA"]
[Date "2007.10.28"]
[Round "9"]
[White "Moncelli, Giorgio"]
[Black "Pierangeli, Andrea"]
[Result "1-0"]
[WhiteElo "2129"]
[BlackElo "2020"]
[PlyCount "89"]
[EventDate "2007.10.20"]

1. d4 d5 2. c4 e6 3. Nc3 Nf6 4. Nf3 Nbd7 5. Bg5 Be7 6. e3 O-O 7. Rc1 c6 8. Bd3
dxc4 9. Bxc4 Nd5 10. Bxe7 Nxe7 11. O-O Ng6 12. Qe2 e5 13. Rfd1 Qe7 14. d5 e4
15. Nd4 Nde5 16. dxc6 Nxc4 17. Qxc4 Ne5 18. Qd5 bxc6 19. Qxe4 Qf6 20. f4 Ng4
21. h3 Nh6 22. Qxc6 Be6 23. Ne4 Qe7 24. Nxe6 fxe6 25. Rd7 Qh4 26. Qxe6+ Kh8 27.
Qe7 Qxe7 28. Rxe7 Nf5 29. Re5 Nxe3 30. Nd6 Rad8 31. Rxe3 Rxd6 32. Re7 h5 33.
Rcc7 Rg6 34. Rxa7 Rxf4 35. Ra5 Rh6 36. Rg5 Rc4 37. Rexg7 Rc8 38. Rb7 h4 39. Rg4
Rc1+ 40. Kh2 Rc2 41. Rd4 Rc8 42. Rbb4 Ra6 43. Rxh4+ Kg7 44. Rbg4+ Kf7 45. Rh7+
1-0

[Event "XIX Festival A"]
[Site "Arco ITA"]
[Date "2007.10.28"]
[Round "9"]
[White "Moratto, Davide"]
[Black "Rossi, Paolo"]
[Result "0-1"]
[WhiteElo "1855"]
[BlackElo "1884"]
[PlyCount "46"]
[EventDate "2007.10.20"]

1. e4 c5 2. b3 d6 3. Bb2 a6 4. d4 cxd4 5. Qxd4 Nd7 6. Nf3 Ngf6 7. e5 dxe5 8.
Nxe5 e6 9. Nxd7 Bxd7 10. Be2 Qc7 11. c4 Rd8 12. O-O Be7 13. Nc3 Bc6 14. Qe3 O-O
15. Rad1 Bd6 16. h3 Bf4 17. Qc5 b6 18. Qa3 Qb7 19. f3 Be3+ 20. Kh1 Nh5 21. Rfe1
Ng3+ 22. Kh2 Qc7 23. f4 Qxf4 0-1

[Event "XIX Festival A"]
[Site "Arco ITA"]
[Date "2007.10.28"]
[Round "9"]
[White "Nicholson, John G."]
[Black "Isonzo, David"]
[Result "1/2-1/2"]
[WhiteElo "2170"]
[BlackElo "2339"]
[PlyCount "24"]
[EventDate "2007.10.20"]

1. e4 e5 2. Nf3 Nf6 3. Nxe5 d6 4. Nf3 Nxe4 5. Nc3 Nxc3 6. dxc3 Be7 7. Be3 Nd7
8. Qd2 Ne5 9. Be2 O-O 10. O-O-O Ng4 11. h4 Re8 12. Bd3 c6 1/2-1/2

[Event "XIX Festival A"]
[Site "Arco ITA"]
[Date "2007.10.28"]
[Round "9"]
[White "Nicolodi, Raoul"]
[Black "Stolfa, Rodolfo"]
[Result "1/2-1/2"]
[WhiteElo "1539"]
[BlackElo "1926"]
[PlyCount "52"]
[EventDate "2007.10.20"]

1. Nf3 Nc6 2. c4 g6 3. g3 Bg7 4. Bg2 Nf6 5. O-O O-O 6. Nc3 e5 7. d3 d6 8. Rb1
Nd4 9. b4 Nxf3+ 10. Bxf3 c6 11. Bg2 Be6 12. b5 d5 13. bxc6 bxc6 14. cxd5 cxd5
15. Ba3 Re8 16. Qa4 a5 17. Rfc1 Rc8 18. Nb5 Rxc1+ 19. Rxc1 Bd7 20. Qb3 Qb6 21.
Nc7 Qxb3 22. axb3 Rb8 23. Rb1 Bc6 24. b4 Bf8 25. Rc1 Bb7 26. Bb2 d4 1/2-1/2

[Event "XIX Festival A"]
[Site "Arco ITA"]
[Date "2007.10.28"]
[Round "9"]
[White "Paltrinieri, Nicholas"]
[Black "Collato, Luca"]
[Result "1/2-1/2"]
[WhiteElo "1891"]
[BlackElo "1512"]
[PlyCount "64"]
[EventDate "2007.10.20"]

1. f4 e5 2. fxe5 d6 3. exd6 Bxd6 4. Nf3 g5 5. g3 g4 6. Nh4 Ne7 7. d4 Ng6 8.
Nxg6 hxg6 9. Qd3 Qe7 10. Bg2 Bf5 11. e4 c6 12. Bf4 Bxf4 13. gxf4 Nd7 14. Nd2
O-O-O 15. O-O-O Nc5 16. Qa3 Rxd4 17. Qxa7 Ra4 18. Qb6 Bxe4 19. Rhe1 f5 20. Bxe4
Nxe4 21. Qb3 Rd4 22. Nc4 Rhd8 23. Rxd4 Rxd4 24. Ne5 Nf6 25. Qc3 Qd6 26. Nxg6
Ne4 27. Qe3 Ra4 28. Nh4 Qf6 29. Ng2 Rxa2 30. c3 Nxc3 31. Qe8+ Qd8 32. Qe6+ Qd7
1/2-1/2

[Event "XIX Festival A"]
[Site "Arco ITA"]
[Date "2007.10.28"]
[Round "9"]
[White "Rigo, Marco"]
[Black "Perich, Stefano"]
[Result "1-0"]
[WhiteElo "1882"]
[BlackElo "1995"]
[PlyCount "87"]
[EventDate "2007.10.20"]

1. e4 d6 2. d4 g6 3. Be3 Bg7 4. c3 Nd7 5. Nd2 e6 6. Bd3 Ne7 7. Ne2 c5 8. O-O
O-O 9. Rb1 h6 10. f4 f5 11. Nf3 Qc7 12. Qd2 c4 13. Bc2 Nf6 14. e5 Ne4 15. Bxe4
fxe4 16. exd6 Qxd6 17. Ne5 Qd5 18. Ng3 Kh7 19. Rbe1 Nf5 20. Qc2 Nxg3 21. hxg3
b5 22. Ng4 Bb7 23. Nf2 a5 24. Bc1 Qf5 25. Nxe4 Rad8 26. Qe2 Bd5 27. Nc5 h5 28.
Nxe6 Rfe8 29. Ng5+ Kg8 30. Qf2 Bf6 31. Nf3 Be4 32. Re3 Re7 33. Rfe1 Rde8 34.
Ne5 Bd5 35. Nf3 Be4 36. Nd2 Bd5 37. Rxe7 Rxe7 38. Rxe7 Bxe7 39. Qe3 Bf8 40. Qe5
Qf7 41. Nf3 Qb7 42. Ng5 Bxg2 43. Qf6 Be4 44. Qe6+ 1-0

[Event "XIX Festival A"]
[Site "Arco ITA"]
[Date "2007.10.28"]
[Round "9"]
[White "Savarese, Vincenzo"]
[Black "Giaracuni, Claudio"]
[Result "1-0"]
[WhiteElo "1859"]
[BlackElo "1759"]
[PlyCount "57"]
[EventDate "2007.10.20"]

1. e4 c5 2. c3 d5 3. exd5 Qxd5 4. d4 e6 5. Nf3 Nc6 6. Be2 cxd4 7. cxd4 Bb4+ 8.
Nc3 Nf6 9. O-O Qd8 10. Bf4 Nd5 11. Nxd5 exd5 12. Rc1 a6 13. Qb3 O-O 14. Rxc6
bxc6 15. Qxb4 Bg4 16. h3 Bxf3 17. Bxf3 f5 18. Rc1 Rc8 19. Be5 Re8 20. Qb3 Qg5
21. Rc5 Qd2 22. Qb7 Qh6 23. Bxd5+ cxd5 24. Rxc8 Rxc8 25. Qxc8+ Kf7 26. Qxf5+
Ke7 27. Bf4 Qe6 28. Qxe6+ Kxe6 29. Be5 1-0

[Event "XIX Festival A"]
[Site "Arco ITA"]
[Date "2007.10.28"]
[Round "9"]
[White "Scharrer, Patrick"]
[Black "Crea, Vincenzo"]
[Result "1-0"]
[WhiteElo "2220"]
[BlackElo "2042"]
[PlyCount "36"]
[EventDate "2007.10.20"]

1. e4 e6 2. d3 d5 3. Qe2 c5 4. Nf3 Nc6 5. g3 Nf6 6. Bg2 Be7 7. O-O O-O 8. e5
Nd7 9. c4 dxc4 10. dxc4 Qc7 11. Re1 b6 12. Nc3 Ba6 13. Nb5 Qc8 14. Bg5 h6 15.
Bxe7 Nxe7 16. Nd2 Rb8 17. Nxa7 Qc7 18. Nb5 Bb7 1-0

[Event "XIX Festival A"]
[Site "Arco ITA"]
[Date "2007.10.28"]
[Round "9"]
[White "Serafimov, Tervel"]
[Black "Qendro, Llambi"]
[Result "1-0"]
[WhiteElo "2379"]
[BlackElo "2404"]
[PlyCount "34"]
[EventDate "2007.10.20"]

1. c4 g6 2. g3 Bg7 3. Bg2 e5 4. Nc3 Ne7 5. e3 Nbc6 6. Nge2 O-O 7. d3 d6 8. O-O
Bd7 9. Rb1 Qc8 10. Re1 Bh8 11. Bh1 f5 12. f4 h6 13. Nd5 Kh7 14. b4 Nxd5 15.
cxd5 Ne7 16. b5 g5 17. Rb4 17... Ng6 {phone default} 1-0

[Event "XIX Festival A"]
[Site "Arco ITA"]
[Date "2007.10.28"]
[Round "9"]
[White "Thonig, Manfred"]
[Black "Moro, Roberto"]
[Result "0-1"]
[WhiteElo "1739"]
[BlackElo "1887"]
[PlyCount "46"]
[EventDate "2007.10.20"]

1. f4 e5 2. fxe5 d6 3. exd6 Bxd6 4. Nf3 Bg4 5. e3 Nc6 6. Bb5 Nge7 7. O-O O-O 8.
Qe1 f5 9. Bc4+ Kh8 10. Ng5 Ne5 11. Qh4 h6 12. Ne6 Qe8 13. Bd3 N7g6 14. Nxg7
Nxh4 15. Nxe8 Raxe8 16. h3 Nxd3 17. hxg4 Nxc1 18. Rxc1 fxg4 19. a4 Bg3 20. Nc3
Rf2 21. Nd5 Rxg2+ 22. Kh1 Rh2+ 23. Kg1 Nf3+ 0-1

[Event "XIX Festival A"]
[Site "Arco ITA"]
[Date "2007.10.28"]
[Round "9"]
[White "Tocco, Paolo"]
[Black "Ricci, Alfredo"]
[Result "1-0"]
[WhiteElo "2159"]
[BlackElo "2010"]
[PlyCount "29"]
[EventDate "2007.10.20"]

1. d4 Nf6 2. Nc3 d5 3. e4 e6 4. e5 Nfd7 5. Nf3 a6 6. Ne2 c5 7. c3 Nc6 8. a3 Be7
9. Be3 O-O 10. Nf4 c4 11. h4 Re8 12. Ng5 Nf8 13. Qh5 f6 14. Qf7+ Kh8 15. Nh5
1-0

[Event "XIX Festival A"]
[Site "Arco ITA"]
[Date "2007.10.28"]
[Round "9"]
[White "Trifoni, Giorgio"]
[Black "Lazzaroni, Fabio"]
[Result "1-0"]
[WhiteElo "1658"]
[BlackElo "1697"]
[PlyCount "155"]
[EventDate "2007.10.20"]

1. Nf3 f5 2. d3 Nf6 3. Bg5 e6 4. Nc3 Be7 5. e4 fxe4 6. dxe4 Nc6 7. Bd3 b6 8.
O-O O-O 9. a3 a5 10. e5 Nd5 11. Nxd5 exd5 12. Bxe7 Qxe7 13. Qe2 Nd8 14. c4 Bb7
15. cxd5 Bxd5 16. Bc4 Qe6 17. Bxd5 Qxd5 18. Rfd1 Qe6 19. Qd3 Nf7 20. Qxd7 Rae8
21. Qxc7 Nxe5 22. Nxe5 Qxe5 23. Qxb6 Rf6 24. Qd4 Qxd4 25. Rxd4 Re2 26. Rc1
Rfxf2 27. Rc8+ Rf8 28. Rxf8+ Kxf8 29. Ra4 Rxb2 30. Rxa5 Ra2 31. h4 Kf7 32. Ra6
g6 33. a4 Kg7 34. Kh2 Kh6 35. Kh3 Kh5 36. Ra7 Ra3+ 37. g3 Kh6 38. a5 g5 39.
hxg5+ Kxg5 40. Rxh7 Rxa5 41. Rg7+ Kh6 42. Rg8 Kh7 43. Rf8 Kg6 44. g4 Rb5 45.
Kh4 Ra5 46. Rb8 Ra1 47. Rb6+ Kg7 48. Kh5 Rh1+ 49. Kg5 Rg1 50. Rb7+ Kf8 51. Kf6
Rf1+ 52. Kg6 Rg1 53. g5 Rg2 54. Rb8+ Ke7 55. Kh6 Rg1 56. g6 Kf6 57. Rf8+ Ke7
58. Rf5 Ke6 59. Rf7 Rh1+ 60. Kg7 Rg1 61. Ra7 Rg2 62. Ra6+ Ke7 63. Kg8 Rg1 64.
g7 Ke8 65. Rh6 Ke7 66. Ra6 Rg2 67. Ra3 Rg1 68. Re3+ Kd7 69. Re5 Kd6 70. Re3 Kd7
71. Re5 Kd6 72. Rf5 Ke7 73. Kh7 Rh1+ 74. Kg6 Rg1+ 75. Kh7 Rh1+ 76. Kg8 Rg1 77.
Rh5 Rg2 78. Rh7 1-0

[Event "XIX Festival A"]
[Site "Arco ITA"]
[Date "2007.10.28"]
[Round "9"]
[White "Vink, Wim"]
[Black "Brunner, Stefan"]
[Result "1/2-1/2"]
[WhiteElo "2084"]
[BlackElo "1800"]
[PlyCount "147"]
[EventDate "2007.10.20"]

1. d4 f5 2. g3 Nf6 3. Bg2 e6 4. Nf3 Nc6 5. O-O Be7 6. b3 O-O 7. Bb2 d6 8. Nbd2
Nd7 9. e4 Bf6 10. exf5 exf5 11. Nc4 Qe8 12. Qd2 Qg6 13. Rae1 Nb6 14. Nxb6 axb6
15. a4 Bd7 16. c4 Rfe8 17. Rxe8+ Rxe8 18. Re1 Rxe1+ 19. Nxe1 Nd8 20. Nd3 Bg5
21. f4 Bf6 22. Qe3 Qe8 23. Qxe8+ Bxe8 24. Kf2 Kf7 25. Ke3 Bc6 26. Bf3 Bxf3 27.
Kxf3 Nc6 28. Ke3 Na5 29. Nc1 c5 30. Bc3 Nc6 31. Ne2 Ke7 32. Kd3 Na5 33. Kc2 Nc6
34. d5 Nd8 35. Kd3 Nf7 36. Ke3 h6 37. Bxf6+ Kxf6 38. Nc3 h5 39. Nb5 Ke7 40. Nc7
Nh6 41. h3 Nf7 42. Na8 g6 43. Nxb6 Kd8 44. a5 Kc7 45. Kd3 Nh6 46. Na4 Ng8 47.
Nc3 Nf6 48. Ke3 Kd7 49. Kf3 Kc8 50. Ke3 Kd7 51. Na2 Kc7 52. b4 cxb4 53. Nxb4
Nd7 54. Nd3 b6 55. axb6+ Kxb6 56. Kd4 Nf6 57. c5+ Kc7 58. c6 Ne4 59. g4 hxg4
60. hxg4 Nf6 61. g5 Nh5 62. Ke3 Ng3 63. Nb4 Ne4 64. Kd4 Ng3 65. Nc2 Nh5 66. Ke3
Ng7 67. Nd4 Ne8 68. Nb5+ Kb6 69. Nd4 Nc7 70. Ne6 Nxd5+ 71. Kd4 Ne7 72. c7 Kc6
73. Kc4 Kd7 74. Nd4 1/2-1/2

[Event "XIX Festival A"]
[Site "Arco ITA"]
[Date "2007.10.28"]
[Round "9"]
[White "Vistisen, Lars"]
[Black "Picone, Franco"]
[Result "1/2-1/2"]
[WhiteElo "2153"]
[BlackElo "1864"]
[PlyCount "45"]
[EventDate "2007.10.20"]

1. e4 c5 2. c3 d5 3. exd5 Qxd5 4. d4 Nc6 5. Nf3 cxd4 6. cxd4 e5 7. Nc3 Bb4 8.
Be2 Nxd4 9. Bd2 Bxc3 10. Bxc3 Ne7 11. Nxd4 exd4 12. Qxd4 Qxd4 13. Bxd4 O-O 14.
O-O Bd7 15. Rfd1 Bc6 16. b4 a6 17. Bc5 Rfe8 18. Bc4 Ba4 19. Rd2 Nc6 20. Bd5
Rad8 21. a3 h6 22. f4 Rd7 23. Bxc6 1/2-1/2

[Event "XIX Festival A"]
[Site "Arco ITA"]
[Date "2007.10.28"]
[Round "9"]
[White "Viviani, Mario"]
[Black "Cracco, Pietro"]
[Result "1/2-1/2"]
[WhiteElo "1800"]
[BlackElo "2041"]
[PlyCount "48"]
[EventDate "2007.10.20"]

1. c4 e6 2. Nc3 d5 3. cxd5 exd5 4. d4 Nf6 5. Bf4 c6 6. e3 Bd6 7. Bxd6 Qxd6 8.
Bd3 O-O 9. Nf3 b6 10. O-O Bg4 11. Be2 Nbd7 12. Ng5 Bxe2 13. Nxe2 c5 14. b3 h6
15. Nf3 Rac8 16. a4 Ne4 17. Ng3 Ndf6 18. Ne5 Nxg3 19. hxg3 Ne4 20. Rc1 Rc7 21.
Rc2 Rfc8 22. Qd3 Qe6 23. Rfc1 f5 24. Kh2 Nf6 1/2-1/2

[Event "XIX Festival A"]
[Site "Arco ITA"]
[Date "2007.10.28"]
[Round "9"]
[White "Von Wantoch, Markus"]
[Black "Caldara, Sisto"]
[Result "0-1"]
[WhiteElo "1974"]
[BlackElo "1760"]
[PlyCount "64"]
[EventDate "2007.10.20"]

1. e4 d6 2. g3 Nf6 3. Bg2 Bg4 4. Ne2 e5 5. O-O h5 6. f3 Be6 7. d4 c6 8. dxe5
Qb6+ 9. Qd4 c5 10. Qc3 dxe5 11. Qxe5 c4+ 12. Kh1 h4 13. gxh4 Rxh4 14. Qg3 Rh7
15. Nbc3 Bd6 16. e5 Nh5 17. Qg5 Be7 18. Qe3 Bc5 19. Qd2 Bb4 20. a3 Ba5 21. Qe3
Nd7 22. f4 Bg4 23. Be4 g6 24. Kg1 Ng7 25. Ng3 O-O-O 26. Nd5 Qc5 27. Qxc5+ Nxc5
28. Nf6 Nxe4 29. Ngxe4 Bb6+ 30. Nf2 Rh4 31. Kg2 Bf5 32. N2e4 Bh3+ 0-1

[Event "XIX Festival A"]
[Site "Arco ITA"]
[Date "2007.10.28"]
[Round "9"]
[White "Wagner, Frank"]
[Black "Zordan, Diego"]
[Result "1/2-1/2"]
[WhiteElo "1961"]
[BlackElo "1607"]
[PlyCount "33"]
[EventDate "2007.10.20"]

1. c4 e5 2. d3 Nf6 3. Nf3 d6 4. Nc3 c6 5. g3 Bg4 6. Bg2 Nbd7 7. O-O Be7 8. Rb1
O-O 9. b4 Re8 10. b5 Qc7 11. Ba3 d5 12. bxc6 bxc6 13. Bxe7 Rxe7 14. cxd5 cxd5
15. Nb5 Qa5 16. Qc2 Rb8 17. a4 1/2-1/2

[Event "XIX Festival A"]
[Site "Arco ITA"]
[Date "2007.10.28"]
[Round "9"]
[White "Weinberg, Emanuele"]
[Black "Dieli, Riccardo"]
[Result "1/2-1/2"]
[WhiteElo "1907"]
[BlackElo "1775"]
[PlyCount "45"]
[EventDate "2007.10.20"]

1. d4 Nf6 2. c4 c5 3. d5 d6 4. Nc3 e6 5. Nf3 Be7 6. e4 O-O 7. Be2 a6 8. O-O
Nbd7 9. b3 Rb8 10. a4 Ng4 11. h3 Nge5 12. Nxe5 Nxe5 13. Be3 Bf6 14. Rc1 Ng6 15.
f4 Re8 16. Qc2 Bxc3 17. Qxc3 exd5 18. exd5 Qe7 19. Bd2 Bf5 20. Bd3 Bxd3 21.
Qxd3 Qd7 22. Rce1 f6 23. Kh2 1/2-1/2

[Event "XIX Festival A"]
[Site "Arco ITA"]
[Date "2007.10.28"]
[Round "9"]
[White "Zenatto, Giuliano"]
[Black "Sigillo, Carmelo"]
[Result "0-1"]
[WhiteElo "1853"]
[BlackElo "1595"]
[PlyCount "83"]
[EventDate "2007.10.20"]

1. d4 Nf6 2. Nf3 c5 3. e3 g6 4. c3 b6 5. g3 Bb7 6. Bg2 Bg7 7. O-O O-O 8. Re1 d6
9. Nbd2 Nbd7 10. Nb3 e5 11. dxe5 dxe5 12. c4 e4 13. Nfd2 Rc8 14. Qc2 Ne5 15.
Rd1 Qd3 16. Qxd3 Nxd3 17. h3 Rcd8 18. a4 Nd7 19. a5 Nxb2 20. Bxb2 Bxb2 21. Rab1
Bc3 22. axb6 axb6 23. Rbc1 Bb4 24. Nb1 Ne5 25. Rxd8 Rxd8 26. Bf1 Ba6 27. Be2
Nd3 28. Rc2 Rd6 29. N1d2 f5 30. f3 Bb7 31. fxe4 fxe4 32. Nb1 Rf6 33. Bd1 Be1
34. Re2 Bxg3 35. Bc2 Bf2+ 36. Kg2 Ne1+ 37. Kh2 Nxc2 38. Rxc2 Bxe3 39. Nc3 Rf2+
40. Rxf2 Bxf2 41. Nd5 Bxd5 42. cxd5 0-1

[Event "VIII Festival Hotel Petra A"]
[Site "Roma ITA"]
[Date "2007.10.29"]
[Round "1"]
[White "Andreoni, Giuseppe"]
[Black "Ibba, Isacco"]
[Result "1/2-1/2"]
[WhiteElo "2009"]
[BlackElo "2202"]
[PlyCount "120"]
[EventDate "2007.10.29"]

1. e4 Nf6 2. e5 Nd5 3. c4 Nb6 4. d4 d6 5. f4 dxe5 6. fxe5 c5 7. d5 e6 8. Nc3
exd5 9. cxd5 Qh4+ 10. g3 Qd4 11. Bb5+ Bd7 12. Bxd7+ N8xd7 13. Nf3 Qxd1+ 14.
Kxd1 O-O-O 15. Kc2 h6 16. Re1 Nb8 17. d6 Nc6 18. a3 g5 19. b4 cxb4 20. Nb5 bxa3
21. Rxa3 a6 22. Nbd4 Nc4 23. Nxc6 Nxa3+ 24. Bxa3 bxc6 25. Kd3 f6 26. Rc1 Kd7
27. Ke4 Re8 28. Kf5 fxe5 29. Nxe5+ Rxe5+ 30. Kxe5 Bxd6+ 31. Bxd6 Re8+ 32. Kf5
Kxd6 33. Ra1 Re2 34. h4 gxh4 35. gxh4 Re5+ 36. Kg6 h5 37. Rxa6 Kd5 38. Kf6 Re6+
39. Kg5 Re5+ 40. Kg6 Re6+ 41. Kg5 c5 42. Ra1 Re5+ 43. Kf6 Re8 44. Kg6 Rh8 45.
Kg7 Rc8 46. Kg6 c4 47. Kxh5 Ke4 48. Kg6 Kf4 49. Rf1+ Kg4 50. Rg1+ Kf3 51. Kg7
Kf4 52. Kf7 c3 53. h5 c2 54. h6 c1=Q 55. Rxc1 Rxc1 56. h7 Rc7+ 57. Kg6 Rc8 58.
Kg7 Kg5 59. h8=Q Rc7+ 60. Kg8 Rc8+ 1/2-1/2